Ordinario de la misa con el canón en español, con el ordinario aprobado para México, el canón enviado al Consilium por la Comisión Mixta CELAM - España para su aprobación y los módulos musicales aprobados para México

Detalles Bibliográficos
Autor Corporativo: Iglesia Católica
Formato: Libro
Lenguaje:Spanish
Publicado: México : Obra Nacional de la Buena Prensa, s.a.
Materias:
Colección:Banco de datos
Acervo:Fondo Bibliográfico Antiguo de la Parroquia del Sagrario Metropolitano de Puebla. Puebla
Descripción Física:VIII, 88 p., [28] h. ; f°
Tema general:Liturgia
Notas:Portada a dos tintas. Texto a dos tintas. Incluye partituras. Encuadernación en keratol
LEADER 00764nam a22001690004500
035 |a 218 
041 0 |a spa 
110 1 |a Iglesia Católica 
245 1 0 |a Ordinario de la misa con el canón en español, con el ordinario aprobado para México, el canón enviado al Consilium por la Comisión Mixta CELAM - España para su aprobación y los módulos musicales aprobados para México 
260 |a México : Obra Nacional de la Buena Prensa, s.a. 
300 |a VIII, 88 p., [28] h. ; f° 
500 |a Portada a dos tintas. Texto a dos tintas. Incluye partituras. Encuadernación en keratol 
650 1 0 |a Liturgia 
949 |a 396 
942 |c SAGRARIO 
943 |g Fondo Bibliográfico Antiguo de la Parroquia del Sagrario Metropolitano de Puebla. Puebla 
999 |c 1101013  |d 1101013